Hum Bhi Wahan Mojood thay; Dastan e hayat (Record no. 327182)

000 -LEADER
fixed length control field 00489 a2200157 4500
001 - CONTROL NUMBER
control field 92109
082 ## - DEWEY DECIMAL CLASSIFICATION NUMBER
Classification number 923.555491 ABD
090 ## - LOCALLY ASSIGNED LC-TYPE CALL NUMBER (OCLC); LOCAL CALL NUMBER (RLIN)
-- 44073
-- 44072
100 ## - MAIN ENTRY--PERSONAL NAME
Personal name Abdul Majid Malik, Lt Gen (Retd)
245 ## - TITLE STATEMENT
Title Hum Bhi Wahan Mojood thay; Dastan e hayat
Statement of responsibility, etc. Abdul Majeed Malik Lt Gen (R)
250 ## - EDITION STATEMENT
Edition statement 1
260 ## - PUBLICATION, DISTRIBUTION, ETC.
Place of publication, distribution, etc. Lahore
Name of publisher, distributor, etc. Sang e Meel Publications
Date of publication, distribution, etc. 2015
300 ## - PHYSICAL DESCRIPTION
Extent 368p.
Other physical details Hb
500 ## - GENERAL NOTE
General note General Book
740 ## - ADDED ENTRY--UNCONTROLLED RELATED/ANALYTICAL TITLE
Uncontrolled related/analytical title We were there too - story of a life
Medium autobiography- soldier
942 ## - ADDED ENTRY ELEMENTS (KOHA)
Institution code [OBSOLETE] CAE NUST
Call number prefix 923.555491 ABD
Holdings
Withdrawn status Lost status Damaged status Not for loan Collection code Permanent Location Current Location Date acquired Total Checkouts Full call number Barcode Date last seen Price effective from Koha item type
          College of Aeronautical Engineering (CAE) College of Aeronautical Engineering (CAE) 04/03/2017   923.555491 ABD CAE88489 04/05/2017 04/05/2017 Book
© 2023 Central Library, National University of Sciences and Technology. All Rights Reserved.